Academic library buildings : |b A guide to architectural issues and solutions / (Record no. 20725)

MARC details
000 -CABECERA
campo de control de longitud fija 00857nam a2200229 4500
003 - IDENTIFICADOR DEL NÚMERO DE CONTROL
campo de control ISO
005 - FECHA Y HORA DE LA ÚLTIMA TRANSACCIÓN
campo de control 20260601171016.0
008 - DATOS DE LONGITUD FIJA--INFORMACIÓN GENERAL
campo de control de longitud fija 260508b1973\\\\xxu|||||\||||\00|\0\eng\d
040 ## - FUENTE DE LA CATALOGACIÓN
Centro catalogador/agencia de origen ici
Lengua de catalogación spa
Centro/agencia transcriptor ici
Normas de descripción rda
041 ## - CÓDIGO DE LENGUA
Código de lengua del texto/banda sonora o título independiente eng
050 ## - SIGNATURA TOPOGRÁFICA DE LA BIBLIOTECA DEL CONGRESO
Número de clasificación Z675.U5 E44
100 ## - ENTRADA PRINCIPAL--NOMBRE DE PERSONA
Nombre de persona Ellsworth, Ralph E.
Fechas asociadas al nombre 1907-2000,
Término indicativo de función/relación autor
9 (RLIN) 34081
245 #1 - MENCIÓN DE TÍTULO
Título Academic library buildings : |b A guide to architectural issues and solutions /
Resto del título A guide to architectural issues and solutions /
Mención de responsabilidad, etc. Ralph A. Ellsworth
264 #1 - PRODUCCIÓN, PUBLICACIÓN, DISTRIBUCIÓN, FABRICACIÓN Y COPYRIGHT
Producción, publicación, distribución, fabricación y copyright Boulder, colorado : |b Colorado associated university press,
Nombre del de productor, editor, distribuidor, fabricante Colorado associated university press,
Fecha de producción, publicación, distribución, fabricación o copyright 1973
300 ## - DESCRIPCIÓN FÍSICA
Extensión 530 páginas:
Otras características físicas ilustraciones
336 ## - TIPO DE CONTENIDO
Fuente rdacontent
Término de tipo de contenido texto
337 ## - TIPO DE MEDIO
Fuente rdamedia
Nombre/término del tipo de medio sin medio
338 ## - TIPO DE SOPORTE
Fuente rdacarrier
Nombre/término del tipo de soporte volumen
650 ## - PUNTO DE ACCESO ADICIONAL DE MATERIA--TÉRMINO DE MATERIA
Término de materia o nombre geográfico como elemento de entrada Arquitectura de bibliotecas
9 (RLIN) 34082
650 ## - PUNTO DE ACCESO ADICIONAL DE MATERIA--TÉRMINO DE MATERIA
Término de materia o nombre geográfico como elemento de entrada Bibliotecas académicas
942 ## - ELEMENTOS DE PUNTO DE ACCESO ADICIONAL (KOHA)
Fuente del sistema de clasificación o colocación Library of Congress Classification
Suprimir en OPAC 1
Tipo de ítem Koha Libros

No items available.